[Event "TCh-FRA Nat1 Final"]
[Site "Belfort FRA"]
[Date "2004.05.10"]
[Round "10"]
[White "Roos,D"]
[Black "Froeyman,H"]
[Result "1-0"]
[WhiteElo "2411"]
[BlackElo "2308"]
[EventDate "2004.05.01"]

1. g3 f5 2. Bg2 Nf6 3. d3 d5 4. c4 e6 5. Nf3 Be7 6. O-O O-O 7. Qb3 c6 8. a4
Na6 9. a5 Bd7 10. Bd2 b5 11. axb6 axb6 12. Nc3 Nc5 13. Qc2 dxc4 14. dxc4
Qc7 15. Bf4 Bd6 16. Bxd6 Qxd6 17. Rxa8 Rxa8 18. Rd1 Qc7 19. b4 Nb7 20. e4
Rd8 21. Bh3 g6 22. e5 Ne8 23. Qe2 c5 24. b5 Bc8 25. Bg2 Rxd1+ 26. Qxd1 Na5
27. Qd3 Bb7 28. Ng5 Bxg2 29. Kxg2 Qe7 30. f4 h6 31. Nf3 Qc7 32. Na4 Kf7 33.
Kf2 Ke7 34. Nd2 Qa7 35. g4 Nb7 36. Nc3 Qa1 37. gxf5 gxf5 38. Qh3 Na5 39.
Ke2 Qc1 40. Kd3 Qg1 41. Qh4+ Kd7 42. Ne2 Qd1 43. Nc3 Qg1 44. Kc2 Qd4 45.
Ne2 Qe3 46. Nc3 Qd4 47. Qxh6 Nxc4 48. Nxc4 Qxc4 49. Qh7+ Kc8 50. Qg8 Kd8
51. h4 Ke7 52. Qh7+ Kf8 53. Qh6+ Ke7 54. h5 Nc7 55. Qg7+ Kd8 56. Qf8+ Kd7
57. Qd6+ Kc8 58. Qxb6 Qd4 59. Qd6 Qf2+ 60. Kb3 Qxf4 61. Qxc5 1-0

[Event "TCh-FRA Nat1 Final"]
[Site "Belfort FRA"]
[Date "2004.05.10"]
[Round "10"]
[White "Mancini,M"]
[Black "Varga,P"]
[Result "1/2-1/2"]
[WhiteElo "2309"]
[BlackElo "2468"]
[EventDate "2004.05.01"]

1. Nf3 d5 2. e3 Nf6 3. c4 c6 4. Nc3 e6 5. b3 Nbd7 6. Bb2 Bd6 7. Be2 O-O 8.
O-O Re8 9. d3 Qe7 10. Rc1 Nf8 11. Qc2 dxc4 12. bxc4 e5 13. Nd2 Bf5 14. Rb1
Rad8 15. Nde4 Nxe4 16. Nxe4 Bxe4 17. dxe4 Bc5 18. Rfd1 f6 19. Bc3 Rxd1+ 20.
Qxd1 Rd8 21. Qb3 b6 22. Qa4 Rd6 23. Qa6 Ne6 24. h4 Qc7 25. g3 Nd8 26. Kg2
Qb7 27. Qa4 Qd7 28. Qa6 Qb7 29. Qxb7 Nxb7 30. f4 Re6 31. Kf3 Nd6 32. Bd3 f5
33. fxe5 fxe4+ 34. Bxe4 Nxc4 35. Re1 Nxe5+ 36. Bxe5 Rxe5 37. Bxc6 Kf7 38.
Be4 h5 39. Rd1 Ke7 40. Rd5 Rxd5 41. Bxd5 1/2-1/2

[Event "TCh-FRA Nat1 Final"]
[Site "Belfort FRA"]
[Date "2004.05.10"]
[Round "10"]
[White "Kallai,G"]
[Black "Gharamian,T"]
[Result "1/2-1/2"]
[WhiteElo "2497"]
[BlackElo "2341"]
[EventDate "2004.05.01"]

1. d4 Nf6 2. Nf3 c5 3. c3 b6 4. Bg5 Bb7 5. e3 e6 6. Nbd2 Be7 7. Bd3 d5 8.
Ne5 Nfd7 9. Bxe7 Qxe7 10. f4 Nxe5 11. fxe5 Qh4+ 12. g3 Qh6 13. Qf3 Nc6 14.
Qf4 Qxf4 15. gxf4 f5 16. dxc5 bxc5 17. Bb5 Rb8 18. Nb3 Ba8 19. Bxc6+ Bxc6
20. Nxc5 Rxb2 21. Nxe6 d4 22. Rg1 d3 23. Rd1 Re2+ 24. Kf1 Be4 25. Rxg7 Rxh2
26. Nc5 Rh1+ 27. Rg1 Rxg1+ 28. Kxg1 Rg8+ 29. Kf1 Rg3 30. Nxd3 Rxe3 31. Nf2
Rf3 32. Rd4 Rxf4 33. Ke2 Rf3 34. Nxe4 fxe4 35. c4 Ra3 36. Rxe4 Ke7 37. c5
Rc3 38. Rh4 Rxc5 39. Rxh7+ Ke6 40. Rxa7 Kxe5 1/2-1/2

[Event "TCh-FRA Nat1 Final"]
[Site "Belfort FRA"]
[Date "2004.05.10"]
[Round "10"]
[White "Schmitt,An"]
[Black "Aguettaz,M"]
[Result "1-0"]
[WhiteElo "2267"]
[BlackElo "2349"]
[EventDate "2004.05.01"]

1. e4 c5 2. Nf3 d6 3. Bc4 Nc6 4. d3 g6 5. a3 Bg7 6. O-O Nf6 7. h3 O-O 8.
Nc3 a6 9. Bg5 b6 10. Be3 b5 11. Ba2 e5 12. Nh2 Be6 13. Ng4 Nxg4 14. hxg4
Qh4 15. f3 Bxa2 16. Rxa2 f5 17. gxf5 gxf5 18. Nd5 Rf7 19. b4 Bf8 20. c3 Re8
21. a4 cxb4 22. cxb4 Re6 23. Qb3 Rg6 24. axb5 axb5 25. exf5 Rg3 26. f6 Nd4
27. Qc3 Ra7 28. Raf2 h5 29. Bxd4 exd4 30. Qc8 Qg5 31. Qe6+ Kh7 32. Re2 h4
33. Kh2 Qg6 34. Qe4 Rg5 35. Ne7 Qxe4 36. Rxe4 Ra2 37. Rxh4+ Bh6 38. Rg1 Rd2
39. Rxd4 Rh5+ 40. Kg3 Be3 41. Rg4 1-0

[Event "TCh-FRA Nat1 Final"]
[Site "Belfort FRA"]
[Date "2004.05.10"]
[Round "10"]
[White "Brendel,O"]
[Black "Julve,P"]
[Result "1-0"]
[WhiteElo "2329"]
[BlackElo "2297"]
[EventDate "2004.05.01"]

1. e4 c5 2. Nf3 d6 3. d4 cxd4 4. Nxd4 Nf6 5. Nc3 a6 6. Be3 Ng4 7. Bg5 h6 8.
Bh4 g5 9. Bg3 Bg7 10. Be2 h5 11. Bxg4 Bxg4 12. f3 Be6 13. Qd2 Qa5 14. O-O
Nc6 15. Nxe6 fxe6 16. Be1 Bf6 17. Rd1 Rg8 18. Kh1 O-O-O 19. Qe3 h4 20. a3
Ne5 21. b3 Qxa3 22. Na4 Nc6 23. Qe2 b5 24. Bf2 Kb7 25. Qe3 Nb8 26. Qa7+ Kc6
27. Qb6+ Kd7 28. Nc5+ Ke8 29. Nxe6 Rc8 30. Qb7 Kf7 31. Qd5 Kg6 32. f4 g4
33. Qf5+ Kf7 34. Ng5+ 1-0

[Event "TCh-FRA Nat1 Final"]
[Site "Belfort FRA"]
[Date "2004.05.10"]
[Round "10"]
[White "Bouhallel,R"]
[Black "Maier,C"]
[Result "1-0"]
[WhiteElo "2312"]
[BlackElo "2362"]
[EventDate "2004.05.01"]

1. d4 Nf6 2. Nf3 g6 3. Bf4 Bg7 4. e3 d6 5. h3 O-O 6. c3 c5 7. dxc5 dxc5 8.
Nbd2 Nc6 9. Qc2 a6 10. a4 Nd5 11. Bh2 e5 12. Rd1 Be6 13. Ne4 Qa5 14. Nfg5
Bh6 15. Nxe6 fxe6 16. Bc4 Rad8 17. O-O Bg7 18. Ng5 b5 19. Ba2 Nc7 20. Bxe6+
1-0

[Event "TCh-FRA Nat1 Final"]
[Site "Belfort FRA"]
[Date "2004.05.10"]
[Round "10"]
[White "Roos,J"]
[Black "Lacrosse,M"]
[Result "1-0"]
[WhiteElo "2321"]
[BlackElo "2283"]
[EventDate "2004.05.01"]

1. d4 d5 2. c4 e6 3. Nc3 Nf6 4. Nf3 c6 5. e3 Nbd7 6. Bd3 dxc4 7. Bxc4 b5 8.
Bd3 a6 9. O-O c5 10. a4 b4 11. Ne4 Be7 12. Qc2 Bb7 13. Nxf6+ Nxf6 14. dxc5
Rc8 15. e4 Bxc5 16. Qe2 Qb6 17. a5 Qa7 18. h3 h6 19. Nd2 e5 20. Nb3 Be7 21.
Be3 Qa8 22. f3 O-O 23. Rfc1 Nd7 24. Bc4 Rc6 25. Rd1 Nf6 26. Bd5 Rcc8 27.
Bxb7 Qxb7 28. Rac1 Rxc1 29. Rxc1 Rc8 30. Rc4 Rxc4 31. Qxc4 Nd7 32. Kh2 Nb8
33. Bc5 Nc6 34. Bxe7 Nxe7 35. Nc5 Qc6 36. Qxb4 Qf6 37. Nd3 Ng6 38. Qc3 h5
39. b4 Kh7 40. Kg1 Qg5 41. Qc1 Qg3 42. Qd2 Nh4 43. Kf1 f5 44. Qf2 Qg5 45.
g3 Ng6 46. Qe1 fxe4 47. fxe4 h4 48. g4 Nf4 49. Nxf4 Qxf4+ 50. Kg2 g5 51. b5
axb5 52. a6 Qf6 53. a7 Qa6 54. Qf2 Kg7 55. Qd2 Qxa7 56. Qxg5+ Kf7 57. Qf5+
Kg8 58. Qg6+ Kf8 59. Qd6+ Kf7 60. Qd5+ Kf6 61. Qxb5 Qa2+ 62. Kg1 Qa1+ 63.
Qf1+ 1-0

[Event "TCh-FRA Nat1 Final"]
[Site "Belfort FRA"]
[Date "2004.05.10"]
[Round "10"]
[White "Vallet,M"]
[Black "Roos,Louis"]
[Result "0-1"]
[WhiteElo "2226"]
[BlackElo "2351"]
[EventDate "2004.05.01"]

1. e4 e6 2. d3 c5 3. Nf3 Nc6 4. g3 g6 5. Bg2 Bg7 6. O-O Nge7 7. Re1 d6 8.
c3 e5 9. a4 O-O 10. Bg5 h6 11. Be3 f5 12. Qc1 f4 13. gxf4 exf4 14. Bxf4 Bg4
15. Qe3 g5 16. Nxg5 Ng6 17. Nh3 Bxh3 18. Bxh6 Bxh6 19. Qxh3 Qf6 20. Na3 Nf4
0-1

[Event "TCh-FRA Nat1 Final"]
[Site "Belfort FRA"]
[Date "2004.05.10"]
[Round "10"]
[White "Fruteau,S"]
[Black "Dewitte,C"]
[Result "1/2-1/2"]
[WhiteElo "2120"]
[BlackElo "2016"]
[EventDate "2004.05.01"]

1. e4 e6 2. d4 b6 3. Nf3 Bb7 4. Bd3 c5 5. c3 cxd4 6. Nxd4 Nc6 7. Nxc6 dxc6
8. O-O Nf6 9. Qe2 Qc7 10. Bg5 Be7 11. Nd2 O-O 12. f4 Rad8 13. e5 Ne8 14.
Ne4 Bxg5 15. Nxg5 h6 16. Nh7 Ba6 17. Bxa6 Kxh7 18. Bd3+ Kg8 19. Qe4 g6 20.
Rf3 Qd7 21. g4 Qd5 22. Qe2 Ng7 23. a3 Qc5+ 24. Kh1 Rd7 25. Rg1 Rfd8 26. f5
exf5 27. gxf5 g5 28. f6 Ne6 29. Qe4 Rxd3 30. Rxd3 Rxd3 31. Qxd3 Qxe5 32.
Rf1 Nf4 33. Qd4 Qe2 34. Rxf4 gxf4 35. Qg1+ Kf8 36. Qg7+ Ke8 37. Qg8+ Kd7
38. Qxf7+ Kd8 39. Qf8+ 1/2-1/2

[Event "TCh-FRA Nat1 Final"]
[Site "Belfort FRA"]
[Date "2004.05.10"]
[Round "10"]
[White "Kasimdzhanov,R"]
[Black "Brochet,P"]
[Result "1-0"]
[WhiteElo "2652"]
[BlackElo "2397"]
[EventDate "2004.05.01"]

1. e4 Nf6 2. e5 Nd5 3. d4 d6 4. Nf3 dxe5 5. Nxe5 c6 6. Bc4 Nd7 7. Nf3 e6 8.
O-O b5 9. Bd3 a6 10. b3 Be7 11. c4 N5b6 12. Nc3 b4 13. Ne4 Nf6 14. Qc2 Bb7
15. Bf4 Nxe4 16. Bxe4 g5 17. Be5 f6 18. Bxh7 g4 19. Ng5 fxe5 20. Nxe6 Qd6
21. Bg6+ Kd7 22. c5 Qxe6 23. Bf5 Nd5 24. Rfe1 Rag8 25. Bxe6+ Kxe6 26. Rxe5+
Kd7 27. Rae1 Rg7 28. Qf5+ Kd8 29. Rxe7 Nxe7 30. Qf6 Rhh7 31. Qd6+ Kc8 32.
g3 Ba8 33. Re4 Bb7 34. d5 cxd5 35. c6 Bxc6 36. Rxe7 Rxe7 37. Qxc6+ Kb8 38.
Qxd5 Re1+ 39. Kg2 Rhe7 40. Qg8+ Kb7 41. Qxg4 a5 42. h4 R1e2 43. Qf3+ Ka7
44. h5 Rxa2 45. h6 Ra3 46. Qf6 Rb7 47. Qd4+ Ka6 48. h7 Rxh7 49. Qd3+ Kb6
50. Qxh7 Rxb3 51. Qg6+ Kb5 52. Qe8+ Kc4 53. Qc6+ Kd4 54. Qb6+ Kc3 55. Qc5+
Kd2 56. Qxa5 Rb1 57. g4 Kc2 58. Qc5+ Kd2 59. Qd4+ Kc2 60. Qc4+ Kd2 61. g5
b3 62. g6 b2 63. Qd4+ Kc2 64. Qe4+ 1-0

[Event "TCh-FRA Nat1 Final"]
[Site "Belfort FRA"]
[Date "2004.05.10"]
[Round "10"]
[White "Abergel,T"]
[Black "Lutz,C"]
[Result "1/2-1/2"]
[WhiteElo "2433"]
[BlackElo "2597"]
[EventDate "2004.05.01"]

1. d4 Nf6 2. Nf3 e6 3. e3 c5 4. Bd3 d5 5. b3 Nc6 6. O-O Bd6 7. Bb2 O-O 8.
Nbd2 Qe7 9. Ne5 cxd4 10. exd4 Ba3 11. Bxa3 Qxa3 12. c3 a5 13. f4 a4 14. Rc1
axb3 15. axb3 Qe7 16. Rf3 Bd7 17. Rh3 g6 18. Qe1 Nh5 19. Qe3 Nxe5 20. fxe5
f5 21. exf6 Rxf6 22. Rf3 Raf8 23. b4 Qd6 24. Rcf1 Qc7 25. Qe5 Qxe5 26. dxe5
Rxf3 27. Rxf3 Nf4 28. g3 Nxd3 29. Rxd3 Ba4 30. Nf3 1/2-1/2

[Event "TCh-FRA Nat1 Final"]
[Site "Belfort FRA"]
[Date "2004.05.10"]
[Round "10"]
[White "Kouatly,B"]
[Black "Belkhodja,S"]
[Result "1-0"]
[WhiteElo "2473"]
[BlackElo "2449"]
[EventDate "2004.05.01"]

1. d4 d6 2. c4 e5 3. Nc3 exd4 4. Qxd4 Nf6 5. e4 Nc6 6. Qd2 g6 7. b3 Bg7 8.
Bb2 O-O 9. Bd3 a5 10. Nge2 Re8 11. f3 Nd7 12. Nd5 Nce5 13. Bd4 c6 14. Ndc3
Nc5 15. Bc2 f5 16. O-O fxe4 17. Nxe4 Nxe4 18. Bxe4 Nf7 19. Rad1 a4 20. b4
Be6 21. Qc3 Bxd4+ 22. Nxd4 Qf6 23. Rc1 Bxc4 24. Bxc6 Bxf1 25. Bxe8 Rxe8 26.
Rxf1 Qf4 27. Rd1 Kf8 28. g3 Qe5 29. Kf2 Qf6 30. Nb5 Qe6 31. Qd2 Qc4 32.
Nxd6 Nxd6 33. Qxd6+ Kf7 34. Rd2 Re6 35. Qd7+ Re7 36. Qxa4 b5 37. Qb3 Qxb3
38. axb3 Rc7 39. Ke3 Rc3+ 40. Rd3 Rc2 41. h4 Ke6 42. Kf4 h6 43. Rd8 Rc3 44.
Rb8 1-0

[Event "TCh-FRA Nat1 Final"]
[Site "Belfort FRA"]
[Date "2004.05.10"]
[Round "10"]
[White "Wirig,A"]
[Black "Bergez,L"]
[Result "1-0"]
[WhiteElo "2422"]
[BlackElo "2387"]
[EventDate "2004.05.01"]

1. c4 c6 2. g3 d5 3. Bg2 Nf6 4. Nf3 Bg4 5. Ne5 e6 6. cxd5 exd5 7. Nxg4 Nxg4
8. e4 Nf6 9. e5 Ne4 10. O-O h5 11. Nc3 Nxc3 12. bxc3 Nd7 13. Rb1 b5 14. d3
Nb6 15. c4 bxc4 16. dxc4 Nxc4 17. Qa4 Rc8 18. Rb7 Bc5 19. Bh3 O-O 20. Bxc8
Qxc8 21. Rb3 Nxe5 22. Bf4 Nc4 23. Rb8 Qe6 24. Rxf8+ Kxf8 25. Qd1 g6 26. Re1
Qf6 27. h4 Bd6 28. Bg5 Qc3 29. Qe2 Kg7 30. Rc1 Qa3 31. Rb1 Ne5 32. Kg2 Qc3
33. Bf4 Nc4 34. Rb3 Qd4 35. Rd3 Qc5 36. Bg5 Be5 37. Rb3 Bd4 38. Rb8 Ne5 39.
Bf4 Nd7 40. Rd8 Nf6 41. Bd6 Qb6 42. Qe7 Ng4 43. Rd7 Nh6 44. Bf4 Qb2 45.
Bxh6+ Kxh6 46. Qxf7 Bg7 47. Rxa7 c5 48. Qxd5 c4 49. Qxc4 1-0

[Event "TCh-FRA Nat1 Final"]
[Site "Belfort FRA"]
[Date "2004.05.10"]
[Round "10"]
[White "Justo,D"]
[Black "Bijaoui,M"]
[Result "0-1"]
[WhiteElo "2266"]
[BlackElo "2324"]
[EventDate "2004.05.01"]

1. Nf3 Nf6 2. c4 g6 3. d4 Bg7 4. Nc3 d6 5. e4 O-O 6. Be2 e5 7. dxe5 dxe5 8.
Qxd8 Rxd8 9. Bg5 Nbd7 10. O-O-O Rf8 11. Nd2 c6 12. b4 a5 13. a3 Re8 14. Kb2
Bf8 15. c5 h6 16. Bxf6 Nxf6 17. Nc4 axb4 18. axb4 Be6 19. Nb6 Rad8 20. Rxd8
Rxd8 21. f3 Rd2+ 22. Ka3 Rc2 23. Nba4 h5 24. Rb1 Bh6 25. b5 Nd7 26. Kb4 Be3
27. b6 Kf8 28. Rd1 Bd4 29. Bc4 Bxc4 30. Kxc4 Rxg2 31. Nb1 Rc2+ 32. Kb4 Nxc5
33. Nxc5 Bxc5+ 34. Kb3 Rxh2 35. Rd7 Bxb6 36. Nd2 Bd4 37. Nc4 Rh3 0-1

[Event "TCh-FRA Nat1 Final"]
[Site "Belfort FRA"]
[Date "2004.05.10"]
[Round "10"]
[White "Templier,N"]
[Black "Roumegous,M"]
[Result "1-0"]
[WhiteElo "2281"]
[BlackElo "2178"]
[EventDate "2004.05.01"]

1. d4 Nf6 2. c4 e6 3. Nc3 Bb4 4. e3 b6 5. Nge2 Ne4 6. Qc2 Bb7 7. a3 Bxc3+
8. Nxc3 Nxc3 9. Qxc3 O-O 10. b3 f5 11. Bb2 Qe7 12. O-O-O d6 13. f3 Nd7 14.
Kb1 Rae8 15. Bd3 e5 16. d5 a5 17. h4 Rf7 18. Bc2 Nf8 19. h5 h6 20. f4 e4
21. g4 fxg4 22. Rdg1 Bc8 23. Bd1 Nh7 24. Bxg4 Bxg4 25. Rxg4 Nf6 26. Rg6 Kh7
27. Qd2 Qf8 28. Qg2 Ree7 29. Rg1 Kh8 30. Qh3 Kh7 31. Qf5 Kh8 32. Rxg7 Rxg7
33. Qxf6 Qxf6 34. Bxf6 Kg8 35. Rxg7+ Rxg7 36. Bxg7 Kxg7 37. Kb2 Kf6 38. Kc3
Kf5 39. Kd4 Kg4 40. Kxe4 Kxh5 41. Kf5 1-0

[Event "TCh-FRA Nat1 Final"]
[Site "Belfort FRA"]
[Date "2004.05.10"]
[Round "10"]
[White "Perrin,M"]
[Black "Klipper,R"]
[Result "0-1"]
[WhiteElo "1983"]
[BlackElo "2067"]
[EventDate "2004.05.01"]

1. f4 c5 2. b3 e6 3. Bb2 Nf6 4. e3 d5 5. Nf3 Nc6 6. Bb5 Bd7 7. O-O Qb6 8.
c4 d4 9. exd4 Nxd4 10. Nxd4 cxd4 11. Bxd7+ Nxd7 12. d3 O-O-O 13. Nd2 Be7
14. Qe2 Bf6 15. Ne4 Nc5 16. Ba3 Nxe4 17. Qxe4 Qa5 18. Bb2 Rhe8 19. Qxh7 Rh8
20. Qe4 Qh5 21. h3 Rd7 22. Rf3 Re8 23. g4 Qa5 24. Rf2 g5 25. fxg5 Bxg5 26.
Bxd4 Red8 27. Bf6 Bxf6 28. Rxf6 Qc3 29. Raf1 Rxd3 30. R6f3 Rxf3 31. Qxf3
Rd3 32. Qf4 Rxh3 33. Kg2 Rd3 34. Rf2 Rd4 35. Qg5 Rd7 36. Qg8+ Kc7 37. Rxf7
Qc2+ 38. Rf2 Qe4+ 39. Rf3 Rd2+ 40. Kg3 Qe5+ 41. Kh4 Rh2+ 42. Rh3 Qf6+ 0-1

[Event "TCh-FRA Nat1 Final"]
[Site "Belfort FRA"]
[Date "2004.05.10"]
[Round "10"]
[White "Pinter,J"]
[Black "Izoria,Z"]
[Result "1/2-1/2"]
[WhiteElo "2494"]
[BlackElo "2573"]
[EventDate "2004.05.01"]

1. d4 Nf6 2. c4 e6 3. Nf3 b6 4. Nc3 Bb4 5. Bg5 Bb7 6. Nd2 h6 7. Bh4 c5 8.
d5 Bxc3 9. bxc3 Qe7 10. Bxf6 Qxf6 11. Qb3 O-O 12. e4 d6 13. Be2 Ba6 14. O-O
exd5 15. exd5 Bc8 16. Bd3 Bf5 17. Bxf5 Qxf5 18. Rae1 Nd7 19. Ne4 Qg6 20. f4
Rae8 21. Qb1 h5 22. f5 Qh6 23. f6 Nxf6 24. Nxd6 Rxe1 25. Qxe1 Qg5 26. Nf5
Re8 27. Ne7+ Kf8 28. d6 h4 29. Kh1 Qg4 30. Rf3 Rd8 31. Nf5 Re8 32. Qf1 h3
33. gxh3 Qe4 34. Kg1 Re5 35. Ng3 Qe1 36. a4 Re3 37. Rxe3 Qxe3+ 38. Kh1 Qd2
39. Qf3 Qxd6 40. Qa8+ Ne8 41. Qxa7 Qd1+ 42. Kg2 Qd2+ 43. Kg1 Qe3+ 44. Kg2
Qd2+ 45. Kg1 Qe3+ 1/2-1/2

[Event "TCh-FRA Nat1 Final"]
[Site "Belfort FRA"]
[Date "2004.05.10"]
[Round "10"]
[White "Guidarelli,L"]
[Black "Schlosser,P"]
[Result "1/2-1/2"]
[WhiteElo "2444"]
[BlackElo "2564"]
[EventDate "2004.05.01"]

1. d4 Nf6 2. c4 e6 3. Nc3 Bb4 4. Qc2 c5 5. dxc5 a6 6. Nf3 Qc7 7. g3 Qxc5 8.
a3 Bxc3+ 9. Qxc3 d5 10. Bg2 Nc6 11. Be3 Qxc4 1/2-1/2

[Event "TCh-FRA Nat1 Final"]
[Site "Belfort FRA"]
[Date "2004.05.10"]
[Round "10"]
[White "Galdunts,S"]
[Black "Sakelsek,T"]
[Result "0-1"]
[WhiteElo "2494"]
[BlackElo "2374"]
[EventDate "2004.05.01"]

1. e4 e5 2. Nf3 Nf6 3. Nc3 Nc6 4. Bb5 Nd4 5. Ba4 c6 6. d3 Nxf3+ 7. Qxf3 d6
8. O-O Be7 9. Nd5 h6 10. c3 O-O 11. Ne3 g6 12. Bb3 Kg7 13. d4 Nh7 14. dxe5
Ng5 15. Qg3 Nxe4 16. Qf4 Nc5 17. Bc2 d5 18. Rd1 Bg5 19. Qb4 Ne6 20. c4 d4
21. c5 b6 22. cxb6 Qxb6 23. Qxb6 axb6 24. Nc4 b5 25. Nd6 Be7 26. Nxc8 Rfxc8
27. Be4 Ra7 28. Bd2 c5 29. f4 c4 30. g4 Bc5 31. f5 Ng5 32. Bxg5 hxg5 33.
Kg2 d3 34. f6+ Kg8 35. h4 gxh4 36. g5 Re8 37. Rh1 Rxe5 38. Rxh4 Rxg5+ 39.
Kh1 Bd4 40. Bxd3 Bxf6 0-1

[Event "TCh-FRA Nat1 Final"]
[Site "Belfort FRA"]
[Date "2004.05.10"]
[Round "10"]
[White "Guadalpi,D"]
[Black "Schenk,A"]
[Result "1/2-1/2"]
[WhiteElo "2274"]
[BlackElo "2502"]
[EventDate "2004.05.01"]

1. e4 c5 2. Nf3 d6 3. d4 cxd4 4. Nxd4 Nf6 5. Nc3 a6 6. Be2 e6 7. O-O Be7 8.
f4 O-O 9. Kh1 Qc7 10. a4 Nc6 11. Be3 Re8 12. Nb3 b6 13. Bf3 Rb8 14. Qe1 Bf8
15. Qf2 Nd7 16. Nd4 Bb7 17. Bh5 Nxd4 18. Bxd4 Bc6 19. Rae1 b5 20. axb5 axb5
21. Qh4 b4 22. Nd1 Qd8 23. Qg3 Nf6 24. Bf3 Rc8 25. c3 bxc3 26. bxc3 Bb5 27.
Rf2 g6 28. Ne3 Bg7 29. e5 dxe5 30. fxe5 Nd7 31. Rb1 Bd3 32. Rd1 Bb5 33. Qf4
Qe7 34. Ng4 Qf8 35. Rb2 Bc4 36. Rb7 Red8 37. Be3 Qe8 38. Rd4 Ba6 39. Ra7
Bb5 40. c4 Bc6 41. Bxc6 Rxc6 42. Qg5 Rcc8 43. Nh6+ Kh8 44. Ng4 1/2-1/2

[Event "TCh-FRA Nat1 Final"]
[Site "Belfort FRA"]
[Date "2004.05.10"]
[Round "10"]
[White "Netzer,J"]
[Black "Simonet,M"]
[Result "1/2-1/2"]
[WhiteElo "2301"]
[BlackElo "2297"]
[EventDate "2004.05.01"]

1. e4 c5 2. Nf3 Nc6 3. d4 cxd4 4. Nxd4 g6 5. Nc3 Bg7 6. Be3 Nf6 7. Bc4 O-O
8. Bb3 d6 9. h3 Bd7 10. O-O Nxd4 11. Bxd4 b5 12. a3 a5 13. Qd3 Bc6 14. Rfe1
Qb8 15. Bd5 Bxd5 16. Nxd5 Nxd5 17. exd5 Bxd4 18. Qxd4 Ra7 19. Re4 Rc8 20.
Qd2 Rc4 21. Rae1 Qc8 22. c3 Rxe4 23. Rxe4 Rc7 24. Qh6 Qf8 25. Qe3 a4 26.
Qb6 Rc5 27. Qb7 Qc8 28. Qxc8+ Rxc8 29. Rxe7 1/2-1/2

[Event "TCh-FRA Nat1 Final"]
[Site "Belfort FRA"]
[Date "2004.05.10"]
[Round "10"]
[White "Wagner,Cl"]
[Black "Kovarcik,Gu"]
[Result "1-0"]
[WhiteElo "2357"]
[BlackElo "2192"]
[EventDate "2004.05.01"]

1. d4 d5 2. Nf3 Nf6 3. c4 c6 4. Nc3 dxc4 5. a4 Bf5 6. e3 e6 7. Bxc4 Bb4 8.
O-O O-O 9. Nh4 Nbd7 10. f3 Qb6 11. e4 Bg6 12. Be3 e5 13. Kh1 a5 14. Nxg6
hxg6 15. f4 Bxc3 16. bxc3 Nxe4 17. Qd3 exd4 18. Bxd4 c5 19. Bxg7 Kxg7 20.
Qxe4 Nf6 21. Qf3 Qc6 22. f5 Qxf3 23. Rxf3 Rad8 24. fxg6 fxg6 25. Rb1 Rd7
26. Kg1 Rfd8 27. Rbf1 Rd6 28. h3 Re8 29. g4 Re5 30. Kg2 b6 31. R1f2 Re4 32.
Bd3 Re5 33. Bc4 Re4 34. Bd3 Re5 35. Bc4 g5 36. Rf5 Rxf5 37. Rxf5 Rd2+ 38.
Kf3 Kg6 39. Ke3 Rd6 40. Bd3 Kh6 41. Bc4 Nd7 42. Ke4 Kg6 43. Bf7+ Kg7 44.
Bc4 Kg6 45. Bb5 Rd1 46. Bxd7 Rxd7 47. Rd5 Re7+ 48. Re5 Rh7 49. Re6+ Kf7 50.
Rxb6 Rxh3 51. Kf5 Rxc3 52. Rb7+ Kf8 53. Rb5 Ra3 54. Rxa5 c4 55. Kxg5 c3 56.
Kf6 Ke8 57. g5 c2 58. Rc5 Rxa4 59. Rc8+ Kd7 60. Rxc2 Rf4+ 61. Kg7 Ke6 62.
g6 Rd4 63. Re2+ Kd7 64. Kf7 Rf4+ 65. Kg8 Rg4 66. g7 Rg1 67. Rh2 Ke7 68. Kh8
Kf7 69. Rf2+ Ke7 70. g8=Q 1-0

[Event "TCh-FRA Nat1 Final"]
[Site "Belfort FRA"]
[Date "2004.05.10"]
[Round "10"]
[White "Lutz,E"]
[Black "Mallet,L"]
[Result "1-0"]
[WhiteElo "2106"]
[BlackElo "2082"]
[EventDate "2004.05.01"]

1. f4 d5 2. Nf3 Bg4 3. e3 c6 4. d4 e6 5. Bd3 Bd6 6. O-O Nf6 7. c3 Nbd7 8.
Qc2 Bxf3 9. Rxf3 c5 10. Nd2 Qc7 11. g3 Rc8 12. Qd1 O-O 13. Rf2 g6 14. Qf3
Qb6 15. g4 Kg7 16. Nf1 Rc7 17. Ng3 h6 18. g5 Ng8 19. h4 cxd4 20. exd4 f5
21. h5 hxg5 22. fxg5 Bxg3 23. Qxg3 gxh5 24. Bf4 Rc6 25. Qh2 Kg6 26. Be2 Kf7
27. Re1 Ke7 28. Bf3 Kd8 29. Qxh5 Kc8 30. Rfe2 Ne7 31. Qh7 Kd8 32. Kf1 Qb5
33. Bh5 Qd3 34. Kg2 e5 35. Bxe5 Re6 36. Bf4 Re4 37. Bd6 f4 38. Rxe4 dxe4
39. Qxe7+ Kc8 40. Qxe4 Qg3+ 41. Kf1 Qh3+ 42. Qg2 Qxh5 43. Bxf8 Nxf8 44. Re7
Qd1+ 45. Kf2 Qc2+ 46. Kg1 Qd1+ 47. Kh2 Nd7 48. g6 f3 49. g7 fxg2 50. g8=Q+
Kc7 51. Qxg2 Kd8 52. Qe2 Qa4 53. b3 Qc6 54. Re8+ Kc7 55. Qc4 Qxc4 56. bxc4
Nb6 57. Re7+ Kc8 58. Re5 Kd7 59. Rb5 Kc7 60. Kg3 a6 61. Rxb6 Kxb6 62. Kf4
1-0